<?xml version="1.0" encoding="UTF-8"?><?xml-stylesheet type="text/xsl" href="static/style.xsl"?><OAI-PMH xmlns="http://www.openarchives.org/OAI/2.0/" xmlns:xsi="http://www.w3.org/2001/XMLSchema-instance" xsi:schemaLocation="http://www.openarchives.org/OAI/2.0/ http://www.openarchives.org/OAI/2.0/OAI-PMH.xsd"><responseDate>2026-06-06T01:57:28Z</responseDate><request verb="GetRecord" identifier="oai:riuma.uma.es:10630/40888" metadataPrefix="marc">https://riuma.uma.es/rest/oai/request</request><GetRecord><record><header><identifier>oai:riuma.uma.es:10630/40888</identifier><datestamp>2026-02-03T11:41:06Z</datestamp><setSpec>com_10630_2254</setSpec><setSpec>col_10630_37956</setSpec></header><metadata><record xmlns="http://www.loc.gov/MARC21/slim" xmlns:dcterms="http://purl.org/dc/terms/" xmlns:doc="http://www.lyncode.com/xoai" xmlns:xsi="http://www.w3.org/2001/XMLSchema-instance" xsi:schemaLocation="http://www.loc.gov/MARC21/slim http://www.loc.gov/standards/marcxml/schema/MARC21slim.xsd">
   <leader>00925njm 22002777a 4500</leader>
   <datafield ind2=" " ind1=" " tag="042">
      <subfield code="a">dc</subfield>
   </datafield>
   <datafield ind2=" " ind1=" " tag="720">
      <subfield code="a">González-Pérez, Víctor Modesto</subfield>
      <subfield code="e">author</subfield>
   </datafield>
   <datafield ind2=" " ind1=" " tag="720">
      <subfield code="a">Molinillo-Jiménez, Sebastián</subfield>
      <subfield code="e">author</subfield>
   </datafield>
   <datafield ind2=" " ind1=" " tag="720">
      <subfield code="a">Bermúdez-González, Guillermo José</subfield>
      <subfield code="e">author</subfield>
   </datafield>
   <datafield ind2=" " ind1=" " tag="260">
      <subfield code="c">2025</subfield>
   </datafield>
   <datafield ind2=" " ind1=" " tag="520">
      <subfield code="a">This chapter analyses the case of bcs Data, an emerging company in the field of customer relationship management (CRM) and enterprise resource planning (ERP) software, operating under the Software as a Service (SaaS) model. It details the digital marketing strategies implemented by the company, including search engine optimisation (SEO), search engine marketing (SEM) and social media campaigns, to attract and convert leads. An examination is made of whether digital footprint and user experience (UX) analysis are moderating factors in conversion. It also analyses CRM and ERP management tactics that optimise customer retention. With its strategy, bcs Data achieved in its launch year of 2022 some 2,231 leads, 212&#xd;
clients and revenue of 300,000 euros. Challenges such as competition and resistance to change are addressed, and innovative solutions are proposed to address these challenges; the importance of technological integration and data analytics is underlined for maintaining a competitive edge.</subfield>
   </datafield>
   <datafield ind1="8" ind2=" " tag="024">
      <subfield code="a">Pérez, V. M. G., Molinillo, S., &amp; González, G. J. B. (2025). BCS Data: From Analysis to Action-High-Impact Digital Marketing Strategies in the SaaS Market. In Cases on Effective Digital Marketing for Competitive Organizations (pp. 1-42). IGI Global Scientific Publishing.</subfield>
   </datafield>
   <datafield ind1="8" ind2=" " tag="024">
      <subfield code="a">https://hdl.handle.net/10630/40888</subfield>
   </datafield>
   <datafield ind1="8" ind2=" " tag="024">
      <subfield code="a">10.4018/979-8-3693-5395-0.ch001</subfield>
   </datafield>
   <datafield tag="653" ind2=" " ind1=" ">
      <subfield code="a">Relaciones con el cliente</subfield>
   </datafield>
   <datafield tag="653" ind2=" " ind1=" ">
      <subfield code="a">Servicios Web</subfield>
   </datafield>
   <datafield tag="653" ind2=" " ind1=" ">
      <subfield code="a">Empresas - Gestión</subfield>
   </datafield>
   <datafield ind2="0" ind1="0" tag="245">
      <subfield code="a">BCS Data: From Analysis to Action - High-Impact Digital Marketing Strategies in the SaaS Market.</subfield>
   </datafield>
</record>
</metadata></record></GetRecord></OAI-PMH>